000 00501nam a22001817a 4500
005 20251108164054.0
008 250721s1997 xx 000 0 ara d
082 1 4 _a816/نيس
100 1 _aنيسين، عزيز
245 1 0 _aالحمار الميت /
264 1 _aدمشق :
_bالأهالي،
_c1997.
300 _a181ص
650 1 7 _aالرسائل
650 1 7 _aالأدب العربي
700 1 _aعبد النبي، عبد القادر
_eترجمة
942 _2ddc
_cBK
999 _c2904
_d2904